Największe miasta graniczne w Polsce - Statystyki

Ogólne statystyki
  • Ten quiz został rozwiązany 64 razy
  • Średni wynik to 7 z 15
Statystyki odpowiedzi
L.p. Nazwa miasta Liczba mieszkańców Państwo z którym graniczy miasto % Poprawnych
4. Cieszyn 32.947 Czechy
86%
5. Zgorzelec 29.313 Niemcy
84%
3. Świnoujście 38.541 Niemcy
68%
9. Słubice 16.644 Niemcy
63%
6. Zakopane 25.100 Słowacja
54%
11. Bogatynia 16.245 Niemcy/Czechy
52%
1. Jastrzębie-Zdrój 82.301 Czechy
52%
2. Jelenia Góra 74.636 Czechy
52%
10. Gubin 16.614 Niemcy
48%
8. Kostrzyn nad Odrą 17.536 Niemcy
46%
13. Gołdap 13.184 Rosja
41%
15 Włodawa 12.123 Białoruś
23%
7. Prudnik 18.974 Czechy
14%
14. Głuchołazy 12.621 Czechy
13%
12. Ustroń 16.017 Czechy
13%
Nie znaleziono quizów pasujących do podanych kryteriów
Rozkład punktacji
Procent ludzi z każdym wynikiem
Percentyl według liczby udzielonych odpowiedzi
Twoja historia wyników
Nie rozwiązałeś tego quizu